| 000 | 00451cam a2200181ua 4500 | ||
|---|---|---|---|
| 001 | 6253 | ||
| 008 | 131126n ii |||gr||||Z||||||asm | ||
| 040 | _cMAIN | ||
| 082 | _a336.24 | ||
| 245 |
_aAyakar _cBy A.R. Majumdar Rahman |
||
| 250 | _a1st ed. | ||
| 260 |
_aDibrugarh: _bpathyaputhi prastuti samanay samiti, _c1974. |
||
| 300 | _ax,309p. | ||
| 653 | _aPublic finance | ||
| 653 | _aAyakar | ||
| 700 |
_aRahman,A.R. Rahman, _eAuthor. |
||
| 942 | _cBK | ||
| 999 |
_c5405 _d5405 |
||